000 00863nab a2200265 u 4500
001 07173
003 HDC
007 cr bn ---aaaaa
008 210127c mydr|nes 0 a may d
040 _aHDC
100 _aMohamed Farid Noh
_eauthor
_97654
245 0 _aBuah tin segar cecah RM160 sekilogram /
_cby Mohamed Farid Noh
260 _aKuala Lumpur :
_bBERITA HARIAN,
_c2017
300 _a23 pages
336 _atext
_2rdacontent
337 _acomputer
_2rdamedia
338 _aonline resource
_2rdacarrier
650 _aAgriculture industry
_92340
650 _aCommercial farm
_97655
650 _aEconomy
_91877
856 _zRequest full-text at [email protected]
942 _2lcc
942 _cNEWS
942 _kNWSC 001094
999 _c4497
_d4497